000 00749nam a2200229 i 4500
001 12868
003 ES-MaACL
005 20251001063034.0
007 t|
008 961031s1996 sp ||||0| spa
020 _a84-921347-0-4
080 _a929 Bayo, Ciro
100 1 _aBayo, Ciro,
_d1859-1939
_926688
245 1 0 _aCartas de Ciro Bayo a Unamuno
_b: un diálogo difícil /
_c[recopiladas por] José Antonio Ereño Altuna.
260 _aBilbao :
_bJ.A. Ereño,
_c[1996]
300 _a149 p. ;
_c24 cm.
600 1 4 _aBayo, Ciro,
_d1859-1939-
_xCorrespondencia
_926689
700 1 _aUnamuno, Miguel de,
_d1864-1936
_9111982
700 1 _aEreño Altuna, José Antonio.
_947381
852 _aES-MaACL
_jL-20213
999 _c12868
_d12868